[Event "SDS Naestved Open"]
[Site "Naestved"]
[Date "1988.07.??"]
[Round "?"]
[White "Schandorff, Lars"]
[Black "Haugli, Petter"]
[Result "1-0"]
[WhiteElo "2415"]
[BlackElo "2330"]
[PlyCount "89"]
[EventDate "1988.07.23"]
[EventType "swiss"]
[EventRounds "9"]
[EventCountry "DEN"]
[SourceTitle "Gl Danbase og ChessBase"]

1. d4 Nf6 2. c4 c5 3. d5 b5 4. Nf3 a6 5. a4 b4 6. b3 g6 7. Bb2 Bg7 8. Nbd2 d6 9. e4 e5 10. h3 Nbd7 11. Qc2 Qe7 12. g3 Nf8 13. O-O-O Bd7 14. Ne1 O-O-O 15. Nd3 g5 16. Nxb4 cxb4 17. c5 dxc5 18. Qd3 Bc6 19. Qxa6+ Bb7 20. Qa7 Rd6 21. a5 Ng6 22. a6 Bxd5 23. Qxe7 Nxe7 24. exd5 Nfxd5 25. Ne4 Rc6 26. Bb5 Rb6 27. Bc4 Rd8 28. Nxc5 Rc6 29. a7 Kc7 30. Na6+ Kb7 31. Nxb4 Rcc8 32. Nxd5 Nxd5 33. Kb1 Nb6 34. Bxf7 Rf8 35. Be6 Rce8 36. Bd5+ Kxa7 37. Be4 Rxf2 38. Bxh7 Re7 39. Be4 Re2 40. Rhe1 Rxe1 41. Rxe1 Nd7 42. Bc1 Bf6 43. Be3+ Ka6 44. Rd1 Ka5 45. Rd5+ 1-0

[Event "SDS Naestved Open"]
[Site "Naestved"]
[Date "1988.07.??"]
[Round "?"]
[White "Schmidt, Wlodzimierz"]
[Black "Ahlander, Bjorn"]
[Result "1/2-1/2"]
[WhiteElo "2465"]
[BlackElo "2395"]
[PlyCount "43"]
[EventDate "1988.07.23"]
[EventType "swiss"]
[EventRounds "9"]
[EventCountry "DEN"]
[SourceTitle "Gl Danbase og ChessBase"]

1. Nf3 Nf6 2. c4 e6 3. Nc3 d5 4. d4 Be7 5. Bg5 O-O 6. e3 h6 7. Bh4 b6 8. Bd3 Bb7 9. O-O Nbd7 10. Qe2 c5 11. Rfd1 Ne4 12. Bxe7 Qxe7 13. cxd5 Nxc3 14. bxc3 Bxd5 15. a4 cxd4 16. cxd4 e5 17. Nxe5 Nxe5 18. dxe5 Qxe5 19. Bb5 Rfd8 20. Rd4 Bb3 21. Qf3 Bd5 22. Qe2 1/2-1/2

[Event "SDS Naestved Open"]
[Site "Naestved"]
[Date "1988.07.??"]
[Round "?"]
[White "Schmidt, Wlodzimierz"]
[Black "Schneider, Bernd"]
[Result "1-0"]
[WhiteElo "2465"]
[BlackElo "2365"]
[PlyCount "119"]
[EventDate "1988.07.23"]
[EventType "swiss"]
[EventRounds "9"]
[EventCountry "DEN"]
[SourceTitle "Gl Danbase og ChessBase"]

1. Nf3 g6 2. d4 Bg7 3. c4 d6 4. Nc3 e5 5. dxe5 dxe5 6. Qxd8+ Kxd8 7. Bg5+ f6 8. O-O-O+ Bd7 9. Be3 Nh6 10. h3 Na6 11. g4 Nf7 12. Bg2 c6 13. Ne1 Kc7 14. Nd3 Be6 15. b3 h5 16. Rhg1 hxg4 17. hxg4 Rh4 18. Be4 g5 19. f3 Bf8 20. Bg6 Rh6 21. Bh5 b6 22. Kb2 Nd6 23. Nf2 Bg8 24. Nh1 Be7 25. Ng3 Rd8 26. Nce4 Nxe4 27. Nxe4 Bh7 28. Ng3 Bc5 29. Bxc5 Nxc5 30. Kc3 Ne6 31. e3 Ng7 32. Rh1 Rxd1 33. Rxd1 f5 34. e4 fxe4 35. fxe4 Rf6 36. Nf5 Bxf5 37. Rf1 Nxh5 38. gxh5 Rh6 39. Rxf5 Rxh5 40. Rxe5 Kd6 41. Rf5 Ke6 42. c5 Rh2 43. Rxg5 Rxa2 44. Rg6+ Ke5 45. cxb6 axb6 46. Rxc6 Kxe4 47. Kc4 Ra8 48. Re6+ Kf5 49. Rxb6 Ke5 50. Rc6 Ra1 51. b4 Rb1 52. Kc5 Rc1+ 53. Kb6 Rb1 54. b5 Kd5 55. Rc2 Rb3 56. Ka6 Kd6 57. b6 Kd7 58. Kb7 Kd6 59. Rd2+ Kc5 60. Kc7 1-0

[Event "SDS Naestved Open"]
[Site "Naestved"]
[Date "1988.07.??"]
[Round "?"]
[White "Schneider, Bernd"]
[Black "Kosten, Anthony C"]
[Result "1-0"]
[WhiteElo "2365"]
[BlackElo "2510"]
[PlyCount "119"]
[EventDate "1988.07.23"]
[EventType "swiss"]
[EventRounds "9"]
[EventCountry "DEN"]
[SourceTitle "Gl Danbase og ChessBase"]

1. c4 e5 2. g3 Nc6 3. Bg2 g6 4. Nc3 Bg7 5. Rb1 a5 6. a3 f5 7. d3 Nf6 8. b4 axb4 9. axb4 O-O 10. b5 Ne7 11. Qb3 d6 12. Nf3 Kh8 13. O-O h6 14. c5 g5 15. b6 g4 16. bxc7 Qxc7 17. cxd6 Qxd6 18. Nb5 Qb8 19. Nh4 Nfg8 20. Ba3 Ra6 21. Bc5 Rff6 22. d4 e4 23. d5 Bd7 24. Bd4 Ra5 25. Bxf6 Bxf6 26. Qc4 Qe5 27. Rfd1 b6 28. e3 Be8 29. Bf1 Bxh4 30. gxh4 Bf7 31. Qc7 Qxc7 32. Nxc7 Bxd5 33. Rxb6 Bf7 34. Nb5 Kg7 35. Nd6 Rc5 36. h3 h5 37. Rb5 Rxb5 38. Bxb5 Be6 39. Kh2 Nf6 40. Ne8+ Nxe8 41. Bxe8 gxh3 42. Bxh5 Nd5 43. Rg1+ Kf6 44. Kxh3 f4+ 45. Bg4 fxe3 46. fxe3 Nxe3 47. Bxe6 Kxe6 48. Re1 Nd5 49. Rxe4+ Kf5 50. Re8 Nf6 51. Ra8 Kg6 52. Ra5 Nh5 53. Rg5+ Kh6 54. Kg4 Nf6+ 55. Kf5 Ne8 56. Rg8 Ng7+ 57. Kg4 Kh7 58. Ra8 Kg6 59. Ra6+ Kf7 60. Kg5 1-0

[Event "SDS Naestved Open"]
[Site "Naestved"]
[Date "1988.07.??"]
[Round "?"]
[White "Smagin, Sergey"]
[Black "Dobosz, Henryk"]
[Result "1-0"]
[WhiteElo "2550"]
[BlackElo "2410"]
[PlyCount "59"]
[EventDate "1988.07.23"]
[EventType "swiss"]
[EventRounds "9"]
[EventCountry "DEN"]
[SourceTitle "Gl Danbase og ChessBase"]

1. d4 Nf6 2. c4 e6 3. Nc3 Bb4 4. e3 c5 5. Nge2 b6 6. a3 Ba5 7. Ng3 Bb7 8. Bd2 O-O 9. Bd3 Na6 10. O-O d5 11. Qe2 Nc7 12. dxc5 bxc5 13. Rfd1 Bb6 14. e4 d4 15. e5 Nd7 16. Na4 f5 17. exf6 gxf6 18. b4 Bc6 19. Bc2 Qe8 20. Bh6 Rf7 21. bxc5 Ba5 22. Ne4 e5 23. Nd6 Qe6 24. Rd3 Kh8 25. Rg3 Ne8 26. Bf5 Qe7 27. Qh5 Nxd6 28. cxd6 Qe8 29. Bg6 hxg6 30. Bg7+ 1-0

[Event "SDS Naestved Open"]
[Site "Naestved"]
[Date "1988.07.??"]
[Round "?"]
[White "Smagin, Sergey"]
[Black "Schneider, Bernd"]
[Result "0-1"]
[WhiteElo "2550"]
[BlackElo "2365"]
[PlyCount "67"]
[EventDate "1988.07.23"]
[EventType "swiss"]
[EventRounds "9"]
[EventCountry "DEN"]
[SourceTitle "Gl Danbase og ChessBase"]

1. e4 g6 2. d4 Bg7 3. c3 d5 4. exd5 Qxd5 5. Nf3 Nf6 6. Nbd2 O-O 7. Bc4 Qd8 8. O-O Nbd7 9. Nb3 a5 10. a4 Nb6 11. Be2 c6 12. Re1 Qc7 13. Nc5 Bf5 14. Bf1 Rfe8 15. Qb3 Nfd7 16. Ng5 e6 17. h3 h5 18. Nxd7 Nxd7 19. Qd1 Nf6 20. Nf3 Rad8 21. Qb3 Nd5 22. Bg5 Rb8 23. Bd2 Qb6 24. Qa3 Rbd8 25. Ne5 Bf8 26. Qa2 c5 27. Bb5 cxd4 28. Bxe8 Rxe8 29. Nd7 Qc7 30. Nxf8 dxc3 31. bxc3 Rxf8 32. Qb3 Rc8 33. Rec1 Nb6 34. Bf4 0-1

[Event "SDS Naestved Open"]
[Site "Naestved"]
[Date "1988.07.??"]
[Round "?"]
[White "Sorensen, Bent"]
[Black "Lau, Ralf"]
[Result "0-1"]
[WhiteElo "2320"]
[BlackElo "2495"]
[PlyCount "142"]
[EventDate "1988.07.23"]
[EventType "swiss"]
[EventRounds "9"]
[EventCountry "DEN"]
[SourceTitle "Gl Danbase og ChessBase"]

1. g3 g6 2. Bg2 Bg7 3. c4 Nf6 4. Nc3 O-O 5. e3 e5 6. Nge2 d6 7. O-O c6 8. d4 Re8 9. Qc2 Qe7 10. e4 exd4 11. Nxd4 Nbd7 12. Nde2 Nc5 13. f3 a5 14. Be3 Nfd7 15. Bd4 Ne5 16. b3 f5 17. Rad1 fxe4 18. Nxe4 Nxe4 19. fxe4 Be6 20. h3 a4 21. Kh1 axb3 22. axb3 Ra6 23. Ra1 Rea8 24. Rxa6 Rxa6 25. Bc3 Ra8 26. Nf4 Bf7 27. Rd1 Rd8 28. Bb4 c5 29. Bc3 Nc6 30. Nd5 Bxd5 31. Rxd5 Bxc3 32. Qxc3 Rf8 33. Qe3 Nb4 34. Rd2 Qe5 35. Kh2 Kg7 36. h4 h6 37. Qe2 Rf7 38. Rd1 Rf6 39. Qg4 Rf7 40. Rd2 Nc6 41. Rd5 Qe7 42. Qe2 Rf6 43. Kg1 Ne5 44. Qd1 g5 45. hxg5 hxg5 46. Rd2 g4 47. Rf2 Rxf2 48. Kxf2 Qf6+ 49. Kg1 Qe6 50. Qd2 Qh6 51. Qd5 Qe3+ 52. Kh2 Qf2 53. Kh1 Nf3 54. Bxf3 Qxf3+ 55. Kh2 Qf2+ 56. Kh1 Qf1+ 57. Kh2 Qh3+ 58. Kg1 Qxg3+ 59. Kf1 Qf4+ 60. Ke2 b6 61. Qe6 Qf3+ 62. Kd2 Qf2+ 63. Kd3 Qf3+ 64. Kd2 g3 65. Qe7+ Kg6 66. Qxd6+ Kh5 67. Qe5+ Kh4 68. Qh8+ Qh5 69. Qa1 g2 70. Ke3 Kg3 71. Qg7+ Kh2 0-1

[Event "SDS Naestved Open"]
[Site "Naestved"]
[Date "1988.07.??"]
[Round "?"]
[White "Sorensen, Henrik"]
[Black "Dobosz, Henryk"]
[Result "1/2-1/2"]
[WhiteElo "2265"]
[BlackElo "2410"]
[PlyCount "29"]
[EventDate "1988.07.23"]
[EventType "swiss"]
[EventRounds "9"]
[EventCountry "DEN"]
[SourceTitle "Gl Danbase og ChessBase"]

1. d4 Nf6 2. c3 g6 3. Bg5 Bg7 4. Nd2 h6 5. Bh4 d6 6. e4 Nc6 7. Ngf3 g5 8. Bg3 Nh5 9. Bc4 e6 10. O-O Ne7 11. Ne1 Nxg3 12. fxg3 d5 13. Bb3 h5 14. Nd3 c6 15. Qe2 1/2-1/2

[Event "SDS Naestved Open"]
[Site "Naestved"]
[Date "1988.07.??"]
[Round "?"]
[White "Sorensen, Henrik"]
[Black "Halasz, Tamas"]
[Result "1-0"]
[WhiteElo "2265"]
[BlackElo "2405"]
[PlyCount "105"]
[EventDate "1988.07.23"]
[EventType "swiss"]
[EventRounds "9"]
[EventCountry "DEN"]
[SourceTitle "Gl Danbase og ChessBase"]

1. d4 Nf6 2. c3 e5 3. dxe5 Ng4 4. Bf4 g5 5. Bg3 Nc6 6. Nf3 Bg7 7. Qd5 Qe7 8. e6 dxe6 9. Qxg5 Qxg5 10. Nxg5 Bh6 11. Bf4 e5 12. Bd2 Bf5 13. f3 Bxb1 14. Rxb1 Nf6 15. e4 O-O-O 16. Be3 Rhg8 17. h4 Nh5 18. Kf2 f6 19. g4 fxg5 20. gxh5 Rd6 21. Rg1 g4 22. Bxh6 g3+ 23. Rxg3 Rxg3 24. Kxg3 Rxh6 25. Rd1 Rf6 26. Bh3+ Kb8 27. Rd7 h6 28. Rg7 a5 29. Rg6 Rd6 30. Rxd6 cxd6 31. Kg4 Ne7 32. f4 Kc7 33. f5 Ng8 34. f6 Nxf6+ 35. Kf5 Nxh5 36. Bg4 Ng3+ 37. Kg6 Nxe4 38. Kxh6 Ng3 39. h5 Kc6 40. Kg5 Nxh5 41. Bxh5 Kc5 42. Kf5 b5 43. Ke4 b4 44. Be2 bxc3 45. bxc3 Kc6 46. a4 Kc5 47. Bb5 Kb6 48. Kd5 Kc7 49. Bd3 Kd7 50. Be4 Ke7 51. Bg2 Kd7 52. Bh3+ Ke7 53. c4 1-0

[Event "SDS Naestved Open"]
[Site "Naestved"]
[Date "1988.07.??"]
[Round "?"]
[White "Sorensen, Henrik"]
[Black "Jakobsen, Ole"]
[Result "1/2-1/2"]
[WhiteElo "2265"]
[BlackElo "2385"]
[PlyCount "89"]
[EventDate "1988.07.23"]
[EventType "swiss"]
[EventRounds "9"]
[EventCountry "DEN"]
[SourceTitle "Gl Danbase og ChessBase"]

1. d4 Nf6 2. c3 g6 3. Bg5 Bg7 4. Nd2 d6 5. e4 Nbd7 6. Ngf3 h6 7. Bh4 g5 8. Bg3 Nh5 9. Bc4 Nxg3 10. hxg3 e6 11. Qc2 Qe7 12. O-O-O a6 13. Nh2 b5 14. Be2 c5 15. dxc5 Nxc5 16. f4 Bb7 17. Ng4 h5 18. Ne3 h4 19. f5 O-O-O 20. gxh4 gxh4 21. fxe6 fxe6 22. Bf3 Kb8 23. Kb1 Qg5 24. Ng4 Rhf8 25. Rhe1 Rf4 26. Nf2 Qg6 27. Re2 Rff8 28. Rh1 Rh8 29. Ng4 Nd7 30. e5 Qxc2+ 31. Kxc2 Nxe5 32. Nxe5 Bxe5 33. Bxb7 Kxb7 34. Nf3 Rdg8 35. Nxe5 dxe5 36. Rh2 Rg5 37. Re4 Kc6 38. a4 Rf8 39. axb5+ axb5 40. Rexh4 Rf2+ 41. Kc1 Rgxg2 42. Rxg2 Rxg2 43. Re4 Kd5 44. Rb4 Kc5 45. Re4 1/2-1/2

[Event "SDS Naestved Open"]
[Site "Naestved"]
[Date "1988.07.??"]
[Round "?"]
[White "Sorensen, Henrik"]
[Black "Riemersma, Liafbern"]
[Result "1/2-1/2"]
[WhiteElo "2265"]
[BlackElo "2380"]
[PlyCount "98"]
[EventDate "1988.07.23"]
[EventType "swiss"]
[EventRounds "9"]
[EventCountry "DEN"]
[SourceTitle "Gl Danbase og ChessBase"]

1. d4 d5 2. c3 Nf6 3. Bg5 Ne4 4. Bf4 c5 5. e3 Nc6 6. Nf3 Bg4 7. h3 Bxf3 8. gxf3 Nf6 9. Nd2 cxd4 10. cxd4 g6 11. Qb3 Qd7 12. Bh2 Bg7 13. Bg2 O-O 14. O-O Rfe8 15. f4 Rec8 16. Rfc1 Bf8 17. Bg3 e6 18. Bh4 Ne8 19. Bf1 f6 20. a3 Kf7 21. Qd3 a5 22. Rc3 Nd6 23. f3 b5 24. Rc2 a4 25. Be1 b4 26. Nb1 b3 27. Rh2 Nc4 28. Bc3 Na7 29. h4 h5 30. f5 gxf5 31. e4 Bd6 32. Rg2 Rg8 33. exd5 exd5 34. Nd2 Nxd2 35. Qxd2 f4 36. Qd3 f5 37. Kh2 Rg3 38. Be1 Rxg2+ 39. Bxg2 Rc8 40. Bh3 Kf6 41. Bb4 Rc2+ 42. Kh1 Nc8 43. Bc3 Ne7 44. Rg1 Qc8 45. Rg5 Bxa3 46. Qb5 Rc1+ 47. Kh2 Rc2+ 48. Kh1 Rc1+ 49. Kh2 Rc2+ 1/2-1/2

[Event "SDS Naestved Open"]
[Site "Naestved"]
[Date "1988.07.??"]
[Round "?"]
[White "Sorensen, Torben N"]
[Black "Akesson, Ralf"]
[Result "1-0"]
[WhiteElo "2335"]
[BlackElo "2430"]
[PlyCount "151"]
[EventDate "1988.07.23"]
[EventType "swiss"]
[EventRounds "9"]
[EventCountry "DEN"]
[SourceTitle "Gl Danbase og ChessBase"]

1. Nf3 g6 2. g3 Bg7 3. Bg2 d6 4. c4 e5 5. Nc3 Nc6 6. O-O f5 7. d3 Nf6 8. Rb1 O-O 9. b4 h6 10. b5 Ne7 11. a4 g5 12. a5 a6 13. Qb3 Rf7 14. c5 g4 15. cxd6 cxd6 16. Nd2 axb5 17. Nxb5 d5 18. Ba3 Nc6 19. Nd6 Qxa5 20. Nxf7 Kxf7 21. Bb4 Qd8 22. Bc5 Kg6 23. Ra1 Rb8 24. Ba7 Nxa7 25. Rxa7 e4 26. dxe4 dxe4 27. Nc4 Qc7 28. Nb6 Bf8 29. Rb1 Bc5 30. Nxc8 Qxc8 31. Rxb7 Rxb7 32. Qxb7 Qxb7 33. Rxb7 Bd4 34. h3 gxh3 35. Bxh3 h5 36. Rb5 Ng4 37. Bxg4 hxg4 38. e3 Bc3 39. Rb6+ Kg5 40. Kf1 Ba5 41. Rc6 Bb4 42. Ke2 Ba5 43. Kd1 Bb4 44. Rb6 Ba5 45. Ra6 Bb4 46. Ra2 Kf6 47. Kc2 Ke6 48. Kb3 Be1 49. Kc4 Ke5 50. Rb2 Ke6 51. Kd4 Kf6 52. Kd5 Ba5 53. Rc2 Be1 54. Ra2 Bc3 55. Ra6+ Kf7 56. Rc6 Bb2 57. Kd6 Kf6 58. Kd7+ Kf7 59. Kd6 Kf6 60. Rb6 Bc3 61. Kd7+ Kf7 62. Rb5 Kf6 63. Ke8 Be1 64. Rb6+ Kg7 65. Rb2 Kf6 66. Kf8 Ba5 67. Kg8 Kg6 68. Ra2 Be1 69. Rc2 Kf6 70. Kh7 Bb4 71. Kh6 Bf8+ 72. Kh5 Be7 73. Rc6+ Kf7 74. Rc7 Kf6 75. Rxe7 Kxe7 76. Kg5 1-0

[Event "SDS Naestved Open"]
[Site "Naestved"]
[Date "1988.07.??"]
[Round "?"]
[White "Sorensen, Torben N"]
[Black "Wilder, Michael"]
[Result "1/2-1/2"]
[WhiteElo "2335"]
[BlackElo "2505"]
[PlyCount "56"]
[EventDate "1988.07.23"]
[EventType "swiss"]
[EventRounds "9"]
[EventCountry "DEN"]
[SourceTitle "Gl Danbase og ChessBase"]

1. Nf3 Nf6 2. c4 e6 3. g3 a6 4. Bg2 b5 5. b3 Bb7 6. O-O Be7 7. Bb2 O-O 8. d3 c5 9. Nbd2 d6 10. e3 Nbd7 11. Qe2 Rb8 12. e4 Qc7 13. Nh4 bxc4 14. dxc4 Nb6 15. e5 Ne8 16. exd6 Bxd6 17. Bxb7 Rxb7 18. Nhf3 Nd7 19. Ne4 Be7 20. Rad1 Nef6 21. Rd3 Nxe4 22. Qxe4 Nf6 23. Qe2 a5 24. Be5 Qc6 25. Rfd1 a4 26. Bxf6 gxf6 27. Nd2 Kh8 28. Ne4 axb3 1/2-1/2

[Event "SDS Naestved Open"]
[Site "Naestved"]
[Date "1988.07.??"]
[Round "?"]
[White "Stempin, Pawel"]
[Black "Fries Nielsen, Jens Ove"]
[Result "1/2-1/2"]
[WhiteElo "2435"]
[BlackElo "2385"]
[PlyCount "64"]
[EventDate "1988.07.23"]
[EventType "swiss"]
[EventRounds "9"]
[EventCountry "DEN"]
[SourceTitle "Gl Danbase og ChessBase"]

1. d4 e6 2. c4 Nf6 3. Nf3 a6 4. Nc3 c5 5. g3 b5 6. cxb5 axb5 7. Nxb5 Qa5+ 8. Nc3 cxd4 9. Nxd4 Bb7 10. Nb3 Qb6 11. Be3 Qc7 12. f3 Bb4 13. Bg2 Nd5 14. Bd2 Nxc3 15. Bxc3 Bxc3+ 16. bxc3 Qxc3+ 17. Qd2 Qxd2+ 18. Kxd2 Ke7 19. Rhc1 Ra3 20. Kc3 Nc6 21. f4 Rha8 22. Kb2 R3a4 23. Rc3 Nd8 24. Bf1 Bd5 25. e3 Nc6 26. a3 R4a7 27. Bb5 Rb8 28. a4 Nb4 29. Nd4 Nc6 30. Nb3 Nb4 31. Nd4 Nc6 32. Nb3 Nb4 1/2-1/2

[Event "SDS Naestved Open"]
[Site "Naestved"]
[Date "1988.07.??"]
[Round "?"]
[White "Thuesen, Mogens Henrik"]
[Black "Jakobsen, Ole"]
[Result "0-1"]
[WhiteElo "2240"]
[BlackElo "2385"]
[PlyCount "83"]
[EventDate "1988.07.23"]
[EventType "swiss"]
[EventRounds "9"]
[EventCountry "DEN"]
[SourceTitle "Gl Danbase og ChessBase"]

1. c4 e5 2. Nc3 Nf6 3. g3 d5 4. cxd5 Nxd5 5. Bg2 Nb6 6. d3 Be7 7. a3 O-O 8. b4 Nc6 9. Bb2 Be6 10. Bxc6 bxc6 11. Nf3 f6 12. Ne4 Qd5 13. Qc2 a5 14. Nc5 axb4 15. Nxe6 Qxe6 16. axb4 Bxb4+ 17. Nd2 Rxa1+ 18. Bxa1 Ra8 19. O-O Ra2 20. Bb2 Bxd2 21. Qxd2 Qb3 22. Rb1 Na4 23. Qc1 Rxb2 24. Rxb2 Nxb2 25. Qxc6 Qb8 26. h4 h6 27. g4 Qc8 28. f3 Qb8 29. Kg2 Kh8 30. Kg3 Nd1 31. Qc1 Nb2 32. g5 fxg5 33. hxg5 hxg5 34. Qxg5 c5 35. Kf2 c4 36. dxc4 Qb6+ 37. e3 Qc6 38. Qd8+ Kh7 39. Qh4+ Kg8 40. Qd8+ Kf7 41. Qd5+ Qxd5 42. cxd5 0-1

[Event "SDS Naestved Open"]
[Site "Naestved"]
[Date "1988.07.??"]
[Round "?"]
[White "Wedberg, Tom"]
[Black "Fries Nielsen, Jens Ove"]
[Result "1-0"]
[WhiteElo "2510"]
[BlackElo "2385"]
[PlyCount "84"]
[EventDate "1988.07.23"]
[EventType "swiss"]
[EventRounds "9"]
[EventCountry "DEN"]
[SourceTitle "Gl Danbase og ChessBase"]

1. d4 Nf6 2. c4 e6 3. Nc3 d5 4. Nf3 a6 5. cxd5 exd5 6. Bg5 c6 7. Qc2 Nbd7 8. e3 Be7 9. Bd3 O-O 10. O-O Re8 11. Rae1 h6 12. Bf4 Nf8 13. h3 Be6 14. Bh2 Rc8 15. Qd2 c5 16. dxc5 Bxc5 17. Rc1 N8d7 18. Rfd1 b5 19. Nd4 Nb6 20. b3 Ba3 21. Rc2 Bb4 22. Qc1 Qe7 23. Nce2 Ba3 24. Qa1 Bd7 25. Rxc8 Rxc8 26. Nf5 Bxf5 27. Bxf5 Re8 28. Nd4 Bd6 29. Bxd6 Qxd6 30. Rc1 Qe5 31. Rc6 Rb8 32. Qc3 g6 33. Bc2 Nfd7 34. Qa5 Qe8 35. Bb1 Kg7 36. Qxa6 b4 37. Qa5 Qe7 38. Qa7 Ra8 39. Qc7 Rc8 40. Qb7 Rb8 41. Qc7 Rc8 42. Qg3 Rxc6 1-0

[Event "SDS Naestved Open"]
[Site "Naestved"]
[Date "1988.07.??"]
[Round "?"]
[White "Wilder, Michael"]
[Black "Brynell, Stellan"]
[Result "1-0"]
[WhiteElo "2505"]
[BlackElo "2385"]
[PlyCount "57"]
[EventDate "1988.07.23"]
[EventType "swiss"]
[EventRounds "9"]
[EventCountry "DEN"]
[SourceTitle "Gl Danbase og ChessBase"]

1. d4 e6 2. c4 c5 3. d5 exd5 4. cxd5 d6 5. Nc3 Ne7 6. e4 Ng6 7. g3 Be7 8. h4 h5 9. f4 Bg4 10. Be2 Bxe2 11. Qxe2 Nd7 12. Nf3 Bf6 13. Bd2 a6 14. O-O-O Qc7 15. e5 dxe5 16. Ne4 O-O-O 17. f5 Ngf8 18. Bc3 b5 19. Kb1 Nb6 20. Ba5 Nfd7 21. a4 c4 22. Qe3 Kb7 23. axb5 axb5 24. Qa3 Nb8 25. Qb4 Rxd5 26. Rxd5 Nxd5 27. Qxb5+ Nb6 28. Nc5+ Ka7 29. Kc2 1-0

[Event "SDS Naestved Open"]
[Site "Naestved"]
[Date "1988.07.??"]
[Round "?"]
[White "Wilder, Michael"]
[Black "Lindeman, Sven"]
[Result "1-0"]
[WhiteElo "2505"]
[BlackElo "2345"]
[PlyCount "43"]
[EventDate "1988.07.23"]
[EventType "swiss"]
[EventRounds "9"]
[EventCountry "DEN"]
[SourceTitle "Gl Danbase og ChessBase"]

1. e4 c5 2. Nf3 d6 3. d4 cxd4 4. Nxd4 Nf6 5. Nc3 g6 6. Be2 Bg7 7. O-O O-O 8. Bg5 Nc6 9. Nb3 a6 10. f4 b5 11. Bf3 b4 12. Na4 Bd7 13. a3 Rb8 14. axb4 Nxb4 15. e5 Ne8 16. c3 Nd3 17. Qxd3 Rxb3 18. Rf2 h6 19. Bh4 Qa5 20. Qd1 Be6 21. Bxe7 dxe5 22. Nc5 1-0

[Event "SDS Naestved Open"]
[Site "Naestved"]
[Date "1988.07.23"]
[Round "1"]
[White "Friis, Carsten Bank"]
[Black "Fries Nielsen, Jens Ove"]
[Result "1-0"]
[WhiteElo "2310"]
[BlackElo "2385"]
[PlyCount "78"]
[EventDate "1988.07.23"]
[EventType "swiss"]
[EventRounds "9"]
[EventCountry "DEN"]
[SourceTitle "Gl Danbase og ChessBase"]

1. Nf3 Nf6 2. g3 g6 3. b3 Bg7 4. Bb2 O-O 5. Bg2 c5 6. O-O d6 7. d4 Nc6 8. d5 Na5 9. Re1 e5 10. dxe6 fxe6 11. e4 Nc6 12. Nbd2 e5 13. Nc4 Ne8 14. c3 Qf6 15. Ne3 Be6 16. Re2 h6 17. Nd2 Rd8 18. Qf1 Qf7 19. Bh3 Nf6 20. Rd1 h5 21. Bxe6 Qxe6 22. Ree1 Kh8 23. Qd3 Nh7 24. h4 Nf6 25. Bc1 Ng4 26. Nxg4 Qxg4 27. Nc4 Rd7 28. Qe2 Qe6 29. a4 Ne7 30. Rd3 Ng8 31. Red1 Rfd8 32. Bg5 Bf6 33. Qd2 Rf8 34. Rxd6 Rxd6 35. Qxd6 Qxd6 36. Rxd6 Bxg5 37. hxg5 Rf3 38. Nxe5 Rxc3 39. Rd7 Rxb3 1-0

[Event "SDS Naestved Open"]
[Site "Naestved"]
[Date "1988.07.23"]
[Round "1"]
[White "Barbero, Gerardo F"]
[Black "Sydor, Andrzej"]
[Result "1-0"]
[WhiteElo "2505"]
[BlackElo "2335"]
[PlyCount "71"]
[EventDate "1988.07.23"]
[EventType "swiss"]
[EventRounds "9"]
[EventCountry "DEN"]
[SourceTitle "Gl Danbase og ChessBase"]

1. d4 Nf6 2. c4 e6 3. Nf3 d5 4. Bg5 h6 5. Bxf6 Qxf6 6. Nc3 Qd8 7. Qb3 dxc4 8. Qxc4 Be7 9. g3 O-O 10. Bg2 Nd7 11. O-O a6 12. a4 c5 13. dxc5 Bxc5 14. Ne4 Ba7 15. Rfd1 Nb6 16. Rxd8 Nxc4 17. Rxf8+ Kxf8 18. Rc1 Nxb2 19. Nd6 Bd7 20. Rc7 Ke7 21. Nxf7 Kxf7 22. Rxd7+ Kf6 23. Nd2 Rb8 24. Bxb7 Bb6 25. Ne4+ Kg6 26. Bxa6 Nxa4 27. Re7 Bc5 28. Rxe6+ Kf5 29. Nxc5 Nxc5 30. Rc6 Nb3 31. Kg2 Nd4 32. Bd3+ Ke5 33. Rg6 Rb7 34. f4+ Kd5 35. Kf2 Ne6 36. Bc4+ 1-0

[Event "SDS Naestved Open"]
[Site "Naestved"]
[Date "1988.07.23"]
[Round "1"]
[White "Blauert, Joerg"]
[Black "Ernst, Thomas"]
[Result "1/2-1/2"]
[WhiteElo "2290"]
[BlackElo "2450"]
[PlyCount "111"]
[EventDate "1988.07.23"]
[EventType "swiss"]
[EventRounds "9"]
[EventCountry "DEN"]
[SourceTitle "Gl Danbase og ChessBase"]

1. e4 c5 2. c3 d5 3. exd5 Qxd5 4. d4 e6 5. Nf3 Nf6 6. Bd3 Be7 7. O-O O-O 8. c4 Qd8 9. dxc5 Bxc5 10. Qe2 Nc6 11. Nc3 Qc7 12. Bg5 Be7 13. Ne4 Ng4 14. Ng3 e5 15. Bxe7 Qxe7 16. Be4 f6 17. Bxc6 bxc6 18. Nd4 Nh6 19. Qe4 Bb7 20. Ndf5 Nxf5 21. Nxf5 Qc7 22. c5 Rad8 23. Nd6 Bc8 24. Qc4+ Kh8 25. Rad1 Rd7 26. Rd3 f5 27. Rfd1 e4 28. Rd4 Re7 29. Nxc8 Qxc8 30. Qa4 e3 31. fxe3 Rxe3 32. Qa5 Qe8 33. h3 h6 34. Rd8 Re1+ 35. Rxe1 Qxd8 36. Qxa7 Qd4+ 37. Kh2 Qxb2 38. a4 Qc3 39. Qc7 Ra8 40. Rd1 f4 41. Rd8+ Rxd8 42. Qxd8+ Kh7 43. Qe8 Qxc5 44. Qe4+ Kg8 45. Qxf4 Qb6 46. Qc4+ Kh8 47. Qc3 c5 48. a5 Qc6 49. Kg1 c4 50. Kf2 Kg8 51. g4 Kh8 52. Ke3 Qc5+ 53. Kd2 Kg8 54. Kc2 Qb5 55. Qa3 Qe5 56. Qc3 1/2-1/2

[Event "SDS Naestved Open"]
[Site "Naestved"]
[Date "1988.07.23"]
[Round "1"]
[White "Brinck Claussen, Bjorn"]
[Black "Sax, Gyula"]
[Result "1/2-1/2"]
[WhiteElo "2375"]
[BlackElo "2600"]
[PlyCount "112"]
[EventDate "1988.07.23"]
[EventType "swiss"]
[EventRounds "9"]
[EventCountry "DEN"]
[SourceTitle "Gl Danbase og ChessBase"]

1. d4 Nf6 2. c4 e6 3. Nf3 b6 4. g3 Ba6 5. Qa4 Bb7 6. Bg2 c5 7. O-O cxd4 8. Nxd4 Bxg2 9. Kxg2 Qc7 10. Nc3 a6 11. Rd1 Be7 12. f3 Qb7 13. Bf4 O-O 14. Nc2 Rc8 15. Rd2 Nc6 16. Bd6 Bxd6 17. Rxd6 Ne5 18. Ne3 Qc7 19. Rad1 Qc5 20. R6d4 Nc6 21. R4d3 Ne5 22. Rd4 Nc6 23. R4d3 Rcb8 24. a3 b5 25. b4 Qxe3 26. cxb5 axb5 27. Qxa8 Qb6 28. Na4 Qc7 29. Qa6 bxa4 30. Qxa4 Ne5 31. Rd4 Nc4 32. Qb3 d5 33. Kh1 h6 34. a4 e5 35. R4d3 e4 36. Rd4 exf3 37. exf3 Qe5 38. Qc3 Qe2 39. Re1 Qa2 40. a5 Qa4 41. Ra1 Qb5 42. Rdd1 Qa6 43. Ra2 Rb5 44. Re1 Rb7 45. g4 Qc6 46. Qd4 Qa6 47. h4 Rxb4 48. g5 Nh5 49. gxh6 Qxh6 50. Qxd5 Ng3+ 51. Kg2 Ne3+ 52. Rxe3 Qxe3 53. Kxg3 Qg1+ 54. Rg2 Qe1+ 55. Rf2 Qg1+ 56. Rg2 Qe1+ 1/2-1/2

[Event "SDS Naestved Open"]
[Site "Naestved"]
[Date "1988.07.23"]
[Round "1"]
[White "Callergard, Robert"]
[Black "Hellers, Ferdinand"]
[Result "0-1"]
[WhiteElo "2330"]
[BlackElo "2490"]
[PlyCount "102"]
[EventDate "1988.07.23"]
[EventType "swiss"]
[EventRounds "9"]
[EventCountry "DEN"]
[SourceTitle "Gl Danbase og ChessBase"]

1. d4 Nf6 2. Nf3 g6 3. g3 Bg7 4. Bg2 O-O 5. O-O d5 6. c3 c6 7. Nbd2 Bf5 8. Nh4 Be6 9. e4 dxe4 10. Nxe4 Nxe4 11. Bxe4 Bd5 12. Qe2 Re8 13. Nf3 Bxe4 14. Qxe4 Qd5 15. Re1 Nd7 16. Bg5 e6 17. Bf4 Qxe4 18. Rxe4 c5 19. dxc5 Nxc5 20. Rc4 Nd3 21. Rc7 e5 22. Be3 b6 23. a4 Nxb2 24. a5 bxa5 25. Rxa5 a6 26. Rc6 Nd1 27. c4 e4 28. Nd4 Red8 29. Rd5 Nxe3 30. fxe3 a5 31. Nb5 a4 32. Rxd8+ Rxd8 33. Ra6 Bh6 34. Nd6 Bxe3+ 35. Kf1 f5 36. Ke2 Bc5 37. Nb7 Rc8 38. Nxc5 Rxc5 39. Rxa4 Kg7 40. Ke3 Rc8 41. g4 fxg4 42. Kxe4 h5 43. Kd5 Rd8+ 44. Ke6 Rd2 45. c5 Rxh2 46. Rc4 g3 47. Rc1 Re2+ 48. Kd7 Rd2+ 49. Ke7 g2 50. c6 Rc2 51. Rxc2 g1=Q 0-1